MARC

LEADER 00000nab a2200000 a 4500
001 vtls000097715
003 SK-MaSNL
005 20260303022102.0
008 111104c1981 xo 0 slo
015 |a SNBRB19rr/mm-uuuuu 
035 |a CL0107818 
040 |a SNKBUCL  |b slo  |c SNKBUCL  |e AACR2 
041 0 |a slo 
044 |a xo  |c SK 
080 |a 820-3  |2 1981 
100 1 |a Carter, Angela,  |d 1940-1992  |4 aut  |9 186859 
245 1 0 |a Vlkolak  |c Angela Carterová 
650 0 7 |a mikropoviedky  |2 snkbucl  |9 612276 
655 7 |a články z novín a časopisov  |2 snkbucl  |9 267496 
655 7 |a články z odboru literárna veda a krásna literatúra  |2 snkbucl  |9 770045 
773 0 |t Ľud  |g Roč. 34, č. 166 (16. 7. 1981), s. 10 
850 |a Slovenská národná knižnica v Martine  |a MTA001 
852 |a SNK  |b KIS3GCP 
958 |a RK 
958 |a LX 
992 |a RBX 
999 |c 1626748  |d 1628678